000 00537 a2200205 4500
005 20260318090655.0
008 260317b |||||||| |||| 00| 0 eng d
020 _a9798898483784
_c$ 120.00
040 _aMAIN
082 _a621.3678
_bF877I
100 _aFreeman, Hudson
245 _aIntroduction to remote sensing
260 _bWh Haufmann
_c2026
_aWyoming
300 _a128
650 _aEnginerring
650 _aApplied Engineering
650 _aOptical Electronics
650 _aRemote Sensing Technology
942 _cBK
999 _c396820
_d396820